000 01213nabaa22001937a 4500
999 _c6280
_d6280
003 OSt
005 20260128225351.0
008 190701b xxu||||| |||| 00| 0 spa d
040 _cPJ
100 _96977
_aBanchio, Mercedes
245 1 3 _aLa potestad sancionatoria del Poder Legislativo en el marco de la ley provincial 13.013 y sus sucesivas reformas /
_bMercedes Banchio.
300 _ap. 64-83
500 _aCita: TR LALEY AR/DOC/3277/2024
505 _aSumario: I. Introducción.— II. Ley provincial 13.013. Su régimen disciplinario y los métodos para recurrirlo. Art. 8° Convención Interamericana de Derecho Humanos. Recurso contencioso administrativo.— III. La actividad administrativa en el marco de la ley provincial 13.013. Comisión Bicameral de Acuerdos de la Asamblea Legislativa.— IV. Comisión Bicameral de Acuerdos de la Asamblea Legislativa. Su actividad administrativa.— V. Corolario.
505 _t¿Te interesa el texto completo? Comunicate al correo: koha@justierradelfuego.gov.ar
650 0 _9211
_aDERECHO ADMINISTRATIVO
773 0 _02842
_93251
_dBuenos Aires : AbeledoPerrot, 2012-
_oDA121
_tDerecho administrativo. Nº 157 enero/febrero 2025
_z18510590
942 _2udc
_cANA